[Event "DUBAI CUP 2004"]
[Site "Tagaytay, Phil."]
[Date "2004.03.22"]
[Round "1.1"]
[White "Wong, Zi Jing"]
[Black "Megaranto, Susanto"]
[Result "1/2-1/2"]
[WhiteElo "2339"]
[BlackElo "2458"]
[PlyCount "61"]
[EventDate "2004.03.21"]

1. e4 d5 2. exd5 Qxd5 3. Nc3 Qa5 4. d4 c6 5. Nf3 Nf6 6. Bc4 Bf5 7. O-O e6 8.
Re1 Bb4 9. Bd2 O-O 10. a3 Bxc3 11. Bxc3 Qc7 12. Nh4 Bg6 13. Nxg6 hxg6 14. Qf3
Nbd7 15. Rad1 Rfe8 16. Bb3 Rad8 17. Bd2 b5 18. Bf4 Qb6 19. Bg5 Rc8 20. c3 a5
21. Qh3 c5 22. dxc5 Nxc5 23. Bc2 Red8 24. Qh4 Rxd1 25. Rxd1 e5 26. Re1 Ncd7 27.
Bb3 Nc5 28. Bc2 Ncd7 29. Bb3 Nc5 30. Bc2 Ncd7 31. Bb3 1/2-1/2

[Event "DUBAI CUP 2004"]
[Site "Tagaytay, Phil."]
[Date "2004.03.22"]
[Round "1.2"]
[White "Purnama, Tirta Chandra"]
[Black "Lau, Gregory"]
[Result "1-0"]
[WhiteElo "2289"]
[BlackElo "2161"]
[PlyCount "65"]
[EventDate "2004.03.21"]

1. d4 d6 2. c4 g6 3. Nf3 Bg7 4. Nc3 Nf6 5. Bf4 O-O 6. e3 c6 7. h3 a6 8. a4 Qa5
9. Bd3 Nbd7 10. O-O Re8 11. Qc2 e5 12. Bh2 Qd8 13. Rfe1 Qe7 14. Bf1 e4 15. Nd2
Nf8 16. a5 h5 17. f3 exf3 18. Nxf3 N6h7 19. Qf2 Ng5 20. Nxg5 Qxg5 21. Bxd6 Nh7
22. Bf4 Qe7 23. e4 g5 24. Be3 g4 25. hxg4 hxg4 26. e5 Ng5 27. Bd3 Bh6 28. Ne4
Nxe4 29. Bxe4 Bxe3 30. Qxe3 Qh4 31. Qf4 Re7 32. Re3 Bd7 33. Rh3 1-0

[Event "DUBAI CUP 2004"]
[Site "Tagaytay, Phil."]
[Date "2004.03.22"]
[Round "1.3"]
[White "Siti, Zulaikha"]
[Black "Sitanggang, Salor"]
[Result "1/2-1/2"]
[WhiteElo "2162"]
[BlackElo "2407"]
[PlyCount "123"]
[EventDate "2004.03.21"]

1. e4 c5 2. Nc3 e6 3. f4 d5 4. Bb5+ Nc6 5. Bxc6+ bxc6 6. d3 Nf6 7. Nf3 Ba6 8.
e5 Nd7 9. O-O c4 10. d4 Be7 11. Kh1 Rb8 12. Rb1 O-O 13. Be3 f6 14. exf6 Bxf6
15. Ne5 Bxe5 16. fxe5 Qh4 17. Rxf8+ Rxf8 18. Qe1 Qg4 19. Qd1 Qg6 20. Ne2 Qe4
21. Qd2 Rf7 22. Ng3 Qg6 23. Re1 Bb5 24. Ne2 Nf8 25. Ng3 h6 26. Kg1 Nd7 27. Bf2
a5 28. h4 a4 29. h5 Qg4 30. c3 a3 31. bxa3 Qf4 32. Qxf4 Rxf4 33. Be3 Rf8 34.
Ne2 Ra8 35. Bc1 Ba4 36. Nf4 Nf8 37. Re2 Rb8 38. Rb2 Rxb2 39. Bxb2 Kf7 40. Kf2
Nd7 41. Ke2 c5 42. Ke3 Nb8 43. Ne2 Bd1 44. Nf4 Nc6 45. Kd2 Ba4 46. Ke3 cxd4+
47. cxd4 Na7 48. Kd2 Nb5 49. g3 Ke7 50. Ng6+ Ke8 51. Nf4 Kd7 52. Ne2 Kc6 53.
Nf4 Kd7 54. Ne2 Ke8 55. Nf4 Kf7 56. Ng6 Na7 57. Bc3 Nb5 58. Bb2 Na7 59. Bc3 Nb5
60. Bb2 Na7 61. Bc3 Nc6 62. Nf4 1/2-1/2

[Event "DUBAI CUP 2004"]
[Site "Tagaytay, Phil."]
[Date "2004.03.22"]
[Round "1.4"]
[White "Handoko, Edhi"]
[Black "Anas, Nazreen Bakri"]
[Result "1-0"]
[WhiteElo "2405"]
[BlackElo "2204"]
[PlyCount "53"]
[EventDate "2004.03.21"]

1. e4 c5 2. c3 d5 3. exd5 Qxd5 4. d4 Nf6 5. Nf3 e6 6. Be3 cxd4 7. cxd4 Nc6 8.
Nc3 Bb4 9. Bd3 Qa5 10. O-O Bxc3 11. bxc3 Qxc3 12. Rc1 Qa5 13. Ne5 O-O 14. Rc5
Qxa2 15. Bg5 Nd5 16. Qh5 f5 17. Bc4 Qa4 18. Rxd5 Nxe5 19. Bb5 Qb4 20. Rxe5 Qxd4
21. Re3 f4 22. Rh3 h6 23. Be7 Rf7 24. Rd1 Qxd1+ 25. Qxd1 Rxe7 26. Qd8+ Kf7 27.
Rc3 1-0

[Event "DUBAI CUP 2004"]
[Site "Tagaytay, Phil."]
[Date "2004.03.22"]
[Round "1.2"]
[White "Nolte, Rolando"]
[Black "Halay, Taufik"]
[Result "0-1"]
[WhiteElo "2389"]
[BlackElo "2212"]
[PlyCount "112"]
[EventDate "2004.03.21"]

1. e4 c5 2. Nf3 d6 3. d4 cxd4 4. Nxd4 Nf6 5. Nc3 g6 6. Be3 Bg7 7. f3 O-O 8. Qd2
Nc6 9. O-O-O Nxd4 10. Bxd4 Be6 11. Kb1 Qc7 12. g4 Rfc8 13. h4 Qa5 14. a3 Rab8
15. Nd5 Qxd2 16. Rxd2 Bxd5 17. exd5 b6 18. Bb5 Nxd5 19. Bxg7 Nc7 20. Bf6 exf6
21. Bd7 Rd8 22. Rxd6 Kf8 23. Rdd1 Ke7 24. Bc6 Rxd1+ 25. Rxd1 Rd8 26. Re1+ Ne6
27. Kc1 Rd6 28. Be4 Kd7 29. Bd3 Rd4 30. Kd2 Nf4 31. Ke3 Rxd3+ 32. cxd3 Ng2+ 33.
Kf2 Nxe1 34. Kxe1 Ke6 35. Ke2 f5 36. g5 f4 37. d4 f6 38. gxf6 Kxf6 39. Kd3 Kf5
40. d5 Ke5 41. d6 Kxd6 42. Ke4 h6 43. Kxf4 Kd5 44. Ke3 Ke5 45. b4 b5 46. Kf2
Kf4 47. Kg2 a6 48. Kf2 g5 49. hxg5 Kxg5 50. Kg3 Kf5 51. Kh4 Kf4 52. Kh5 Kxf3
53. Kxh6 Ke3 54. Kg5 Kd3 55. Kf4 Kc3 56. Ke5 Kb3 0-1

[Event "DUBAI CUP 2004"]
[Site "Tagaytay, Phil."]
[Date "2004.03.22"]
[Round "1.3"]
[White "Askali, Nurdin"]
[Black "Mayor, Jenny"]
[Result "1-0"]
[WhiteElo "2323"]
[BlackElo "1800"]
[PlyCount "93"]
[EventDate "2004.03.21"]

1. d4 c5 2. d5 e5 3. Nf3 d6 4. g3 Nf6 5. Bg2 Be7 6. O-O b5 7. Nxe5 Bb7 8. Nc6
Bxc6 9. dxc6 Qc7 10. Nc3 a6 11. Bg5 Nxc6 12. Bxf6 gxf6 13. Nd5 Qb7 14. Nxe7
Kxe7 15. Qd5 Rac8 16. Rad1 Qd7 17. Rd3 Ne5 18. Re3 Kf8 19. Ra3 Qc6 20. Qxc6
Nxc6 21. Rxa6 Nb4 22. Rxd6 Nxc2 23. Rc1 Ke7 24. Rb6 Nd4 25. Kf1 b4 26. Rb7+ Kf8
27. Rxb4 Kg7 28. Rbc4 Rhd8 29. e3 Ne6 30. b4 Rb8 31. bxc5 Rb2 32. R1c2 Rb1+ 33.
Ke2 Rdd1 34. f4 Nc7 35. c6 Re1+ 36. Kf2 Red1 37. Rd4 Rdc1 38. Rdd2 h6 39. g4
Kf8 40. Rxc1 Rxc1 41. Rd8+ Kg7 42. Rd7 Rc2+ 43. Kg3 Ne6 44. Bd5 Rc3 45. Kf2 Nc5
46. Rxf7+ Kg6 47. h4 1-0

[Event "DUBAI CUP 2004"]
[Site "Tagaytay, Phil."]
[Date "2004.03.22"]
[Round "1.4"]
[White "Layesa, Gabriel"]
[Black "Tanda, Joni"]
[Result "0-1"]
[WhiteElo "1800"]
[BlackElo "1800"]
[PlyCount "90"]
[EventDate "2004.03.21"]

1. e4 d6 2. d4 Nf6 3. Nc3 g6 4. Bg5 h6 5. Bf4 Bg7 6. Nf3 O-O 7. Be2 c5 8. dxc5
Qa5 9. O-O Qxc5 10. Qd2 Kh7 11. a3 Be6 12. Be3 Qa5 13. Nd4 Bd7 14. h3 Nc6 15.
Nb3 Qd8 16. f4 Rc8 17. Bf3 a6 18. Na4 Nd4 19. Nxd4 Bxa4 20. c3 e5 21. Ne2 Qc7
22. Ng3 Bb3 23. f5 Rfd8 24. Qf2 Qe7 25. Bb6 Rd7 26. Bg4 g5 27. Bf3 Rc6 28. Rfe1
d5 29. Ba5 d4 30. Bb4 Qe8 31. Bd1 Bxd1 32. Raxd1 d3 33. a4 Qd8 34. Qf3 a5 35.
Ba3 Rc4 36. Qe3 g4 37. b3 Rxc3 38. Bb2 d2 39. Bxc3 dxe1=Q+ 40. Rxe1 Rd3 41. Qc5
Rxg3 42. Bxe5 Rd3 43. Bc3 Rd1 44. e5 Ne4 45. Qxa5 Rxe1+ 0-1

[Event "DUBAI CUP 2004"]
[Site "Tagaytay, Phil."]
[Date "2004.03.22"]
[Round "1.1"]
[White "Mahjoob, Morteza"]
[Black "Mohammed, Bin Hafis"]
[Result "1-0"]
[WhiteElo "2457"]
[BlackElo "1800"]
[PlyCount "57"]
[EventDate "2004.03.21"]

1. e4 d5 2. exd5 Qxd5 3. Nc3 Qa5 4. d4 Nf6 5. Nf3 Bf5 6. Ne5 c6 7. Bc4 e6 8. g4
Be4 9. f3 Bd5 10. Bd3 Nbd7 11. Nxd7 Nxd7 12. Bd2 Qd8 13. Qe2 Qh4+ 14. Qf2 Qxf2+
15. Kxf2 a6 16. h4 Be7 17. g5 Nb6 18. Nxd5 Nxd5 19. c4 Nc7 20. Rad1 O-O-O 21.
Be3 Ne8 22. Rde1 Bd6 23. h5 g6 24. h6 Bb4 25. Re2 Nd6 26. d5 cxd5 27. cxd5 e5
28. Bb6 Nf5 29. Bxf5+ 1-0

[Event "DUBAI CUP 2004"]
[Site "Tagaytay, Phil."]
[Date "2004.03.22"]
[Round "1.2"]
[White "Faisal, Alsharhan"]
[Black "Moradiabadi, Elshan"]
[Result "0-1"]
[WhiteElo "2125"]
[BlackElo "2383"]
[PlyCount "70"]
[EventDate "2004.03.21"]

1. d4 Nf6 2. Nf3 g6 3. Bg5 Bg7 4. Nbd2 O-O 5. e3 d5 6. Bd3 c5 7. c3 b6 8. O-O
Bb7 9. Qb1 Nbd7 10. b4 cxd4 11. cxd4 h6 12. Bh4 Nh5 13. Qb2 g5 14. Bg3 Nxg3 15.
hxg3 a6 16. a4 Re8 17. Rac1 e5 18. dxe5 Nxe5 19. Nxe5 Bxe5 20. Qb3 g4 21. Rfd1
h5 22. Nf1 h4 23. Bb1 Qg5 24. gxh4 Qxh4 25. e4 d4 26. g3 Qh3 27. Rd2 Re6 28. f4
gxf3 29. Qxf3 Rf6 30. Qd3 Qg4 31. Rf2 Rxf2 32. Kxf2 Re8 33. Nd2 Re6 34. Rg1 Bg7
35. Rf1 Rc6 0-1

[Event "DUBAI CUP 2004"]
[Site "Tagaytay, Phil."]
[Date "2004.03.22"]
[Round "1.4"]
[White "Nabil, Saleh"]
[Black "Roghani, Arash"]
[Result "0-1"]
[WhiteElo "2349"]
[BlackElo "2291"]
[PlyCount "66"]
[EventDate "2004.03.21"]

1. d4 e6 2. c4 d5 3. Nf3 c5 4. cxd5 exd5 5. Nc3 Nc6 6. Bf4 c4 7. e3 Bb4 8. Be2
Nge7 9. O-O f6 10. Ne1 O-O 11. e4 Bxc3 12. bxc3 dxe4 13. Bxc4+ Kh8 14. Nc2 Ng6
15. Bd2 f5 16. f3 exf3 17. Qxf3 Nce5 18. Qe2 Nxc4 19. Qxc4 b6 20. Ne1 Bb7 21.
Nf3 f4 22. Qd3 Qd7 23. Rf2 b5 24. Re1 Rf5 25. Rfe2 Raf8 26. Bc1 Bxf3 27. gxf3
Rg5+ 28. Kh1 Qh3 29. Ba3 Nh4 30. Bxf8 Nf5 31. Bxg7+ Kxg7 32. Re7+ Kf8 33. Re8+
Kf7 0-1

[Event "DUBAI CUP 2004"]
[Site "Tagaytay, Phil."]
[Date "2004.03.22"]
[Round "1.4"]
[White "Prathiba, Yuvarajan"]
[Black "Hatim, Al-Hadarani"]
[Result "0-1"]
[WhiteElo "2229"]
[BlackElo "2356"]
[PlyCount "128"]
[EventDate "2004.03.21"]

1. e4 c6 2. d4 g6 3. Nf3 Bg7 4. Bd3 d5 5. e5 Nh6 6. Bf4 Qb6 7. Qc1 Nf5 8. c3 h5
9. Nbd2 a5 10. h3 a4 11. a3 c5 12. c4 Nc6 13. cxd5 Ncxd4 14. O-O O-O 15. Nxd4
Nxd4 16. Qc3 Rd8 17. Nc4 Qa7 18. Ne3 b6 19. Rfe1 Bb7 20. Rad1 Rac8 21. Bc4 b5
22. Ba2 Qb8 23. Qd3 Bxe5 24. Bxe5 Qxe5 25. Nc2 Qf6 26. Nxd4 cxd4 27. Qxd4 Qxd4
28. Rxd4 Kf8 29. Red1 Rc2 30. Rb4 Rc5 31. Rbd4 Rd6 32. b3 Rcxd5 33. Rxd5 Rxd5
34. Ra1 Rd3 35. bxa4 Rxa3 36. axb5 e6 37. b6 Ra6 38. Rc1 Rxb6 39. h4 Be4 40.
Re1 Bd3 41. Re3 Ba6 42. Ra3 Rc6 43. Kh2 Ke7 44. Bb1 Rd6 45. Ra5 f5 46. f3 Kf6
47. g4 hxg4 48. fxg4 f4 49. Be4 Rd2+ 50. Kg1 Rd6 51. Rg5 Rd4 52. Bxg6 Rd1+ 53.
Kg2 Bb7+ 54. Kf2 f3 55. Be8 Rd2+ 56. Kf1 Rb2 57. Ra5 Bd5 58. Rc5 Be4 59. Rc3
Ke5 60. Bc6 Bxc6 61. Rxc6 Kf4 62. Rxe6 Kg3 63. Re1 Rh2 64. Kg1 f2+ 0-1

[Event "DUBAI CUP 2004"]
[Site "Tagaytay, Phil."]
[Date "2004.03.22"]
[Round "1.1"]
[White "Borigas, Edgardo"]
[Black "Senador, Emmanuel"]
[Result "0-1"]
[WhiteElo "1800"]
[BlackElo "2453"]
[PlyCount "62"]
[EventDate "2004.03.21"]

1. d4 c5 2. Nf3 cxd4 3. Nxd4 d5 4. e3 e5 5. Nf3 Nc6 6. Be2 Nf6 7. h3 Bd6 8. c4
d4 9. a3 d3 10. Bf1 e4 11. Nfd2 O-O 12. Nc3 Re8 13. b4 h5 14. Bb2 h4 15. Qb3
Bf5 16. O-O-O a5 17. b5 Ne5 18. f4 Ned7 19. Rg1 Nh5 20. Nd5 Nb6 21. Bd4 Nxd5
22. cxd5 a4 23. Qa2 Rc8+ 24. Kb1 Rc2 25. Bb2 Qc7 26. Nxe4 Bxe4 27. Bxd3 Bxd3
28. Rxd3 Nxf4 29. exf4 Ree2 30. g3 Qc5 31. Rgd1 Qxb5 0-1

[Event "DUBAI CUP 2004"]
[Site "Tagaytay, Phil."]
[Date "2004.03.22"]
[Round "1.2"]
[White "Nadera, Barlo"]
[Black "Mohammad, Hossain Anwar"]
[Result "1-0"]
[WhiteElo "2390"]
[BlackElo "1800"]
[PlyCount "73"]
[EventDate "2004.03.21"]

1. d4 d5 2. Nf3 Nf6 3. c4 c6 4. Qc2 g6 5. cxd5 cxd5 6. Bf4 Nc6 7. e3 Bg7 8. Nc3
a6 9. Be2 O-O 10. O-O Bf5 11. Qd1 Nh5 12. Bg5 Qd6 13. Qb3 e6 14. Rac1 Bf6 15.
Bxf6 Nxf6 16. Na4 b5 17. Nc5 Na5 18. Qc3 Qb6 19. Ne5 Rfc8 20. g4 b4 21. Qe1 Nc4
22. Nxc4 dxc4 23. gxf5 c3 24. bxc3 bxc3 25. fxe6 fxe6 26. Rxc3 Nd5 27. Rb3 Qd6
28. Bg4 Re8 29. Nd3 Qe7 30. Ne5 h5 31. Bf3 Rac8 32. Qb1 Qg5+ 33. Kh1 Ne7 34.
Be4 Nf5 35. Rg1 Qh4 36. Bxf5 exf5 37. Qxf5 1-0

[Event "DUBAI CUP 2004"]
[Site "Tagaytay, Phil."]
[Date "2004.03.22"]
[Round "1.3"]
[White "Veldhuis, Tjitte Durk"]
[Black "Dimakiling, Oliver"]
[Result "0-1"]
[WhiteElo "1800"]
[BlackElo "1800"]
[PlyCount "72"]
[EventDate "2004.03.21"]

1. e4 c5 2. Nf3 e6 3. d4 cxd4 4. Nxd4 Nf6 5. Nc3 Qb6 6. Nb3 Bb4 7. Be3 Qc7 8.
Qd3 Nc6 9. f3 d5 10. O-O-O O-O 11. Nb5 Qb8 12. c3 Be7 13. exd5 Nxd5 14. Bf2 a6
15. N5d4 Qf4+ 16. Nd2 Nxd4 17. g3 Qc7 18. Bxd4 e5 19. Bf2 Be6 20. Kb1 Rfd8 21.
Qc2 Rac8 22. Bd3 g6 23. h4 Qb8 24. a3 Bxa3 25. h5 Nb4 26. cxb4 Rxc2 27. Bxc2
Bxb4 28. Ne4 Be7 29. Be1 Rxd1+ 30. Bxd1 f5 31. Nf2 Qd6 32. Bc3 Qd5 33. hxg6
hxg6 34. f4 Bc5 35. Rh2 Bxf2 36. Rxf2 Qxd1# 0-1

[Event "DUBAI CUP 2004"]
[Site "Tagaytay, Phil."]
[Date "2004.03.22"]
[Round "1.4"]
[White "Panopio Jr, Rodolfo"]
[Black "Yu, Marco"]
[Result "1-0"]
[WhiteElo "1800"]
[BlackElo "1800"]
[PlyCount "147"]
[EventDate "2004.03.21"]

1. e4 c6 2. d4 d5 3. Nc3 dxe4 4. Nxe4 Bf5 5. Ng3 Bg6 6. h4 h6 7. h5 Bh7 8. Nf3
Nf6 9. Bd3 Bxd3 10. Qxd3 e6 11. Bd2 Bd6 12. Ne4 Nxe4 13. Qxe4 Nd7 14. O-O-O Qe7
15. Ne5 Nf6 16. Qe2 O-O-O 17. Rh3 Rhf8 18. Rb3 Bxe5 19. dxe5 Nd5 20. a4 Rd7 21.
c4 Nc7 22. Be3 Kb8 23. Rxd7 Qxd7 24. Bc5 Rd8 25. Bd6 Ka8 26. Rd3 Ne8 27. Qd2 f6
28. f4 fxe5 29. fxe5 Qf7 30. g4 Nxd6 31. exd6 e5 32. b3 e4 33. Rd4 Qf3 34. Qd1
Qe3+ 35. Kc2 Qf2+ 36. Kb1 e3 37. Re4 a6 38. Qd3 Qf6 39. c5 Qf2 40. Qxe3 Qf1+
41. Kb2 Qf6+ 42. Ka2 Qf7 43. Qd4 Rd7 44. Rf4 Qe6 45. Qe4 Qg8 46. Qf5 Rd8 47.
Qf7 Qh8 48. d7 Qh7 49. Rf5 Qh8 50. Qe7 Ka7 51. Qd6 a5 52. Qc7 Qg8 53. Re5 Qf8
54. Qxa5+ Kb8 55. Qxd8+ Qxd8 56. Re8 Kc7 57. Rxd8 Kxd8 58. Kb2 Kxd7 59. Kc3 Ke6
60. Kd4 Kf6 61. Ke4 Kg5 62. Kf3 g6 63. hxg6 Kxg6 64. Kf4 Kf6 65. b4 Ke6 66. Ke4
Kf6 67. b5 Kg5 68. bxc6 bxc6 69. a5 Kxg4 70. a6 h5 71. a7 h4 72. a8=Q h3 73.
Qg8+ Kh4 74. Kf4 1-0

[Event "DUBAI CUP 2004"]
[Site "Tagaytay, Phil."]
[Date "2004.03.22"]
[Round "1.1"]
[White "Tindall, Brett"]
[Black "Al Sayed, Mohamad"]
[Result "0-1"]
[WhiteElo "2286"]
[BlackElo "2446"]
[PlyCount "100"]
[EventDate "2004.03.21"]

1. e4 c5 2. Nf3 g6 3. d4 Bg7 4. Nc3 cxd4 5. Nxd4 Nc6 6. Be3 Nf6 7. Be2 O-O 8.
O-O d6 9. h3 Bd7 10. Qd2 Nxd4 11. Bxd4 Bc6 12. Rad1 e5 13. Be3 Nxe4 14. Nxe4
Bxe4 15. c4 Bc6 16. Qxd6 Qh4 17. Qd2 a5 18. b3 h6 19. Kh2 Kh7 20. g3 Qe4 21. f3
Qf5 22. Bd3 e4 23. fxe4 Qe6 24. Bf4 a4 25. e5 axb3 26. axb3 Bxe5 27. Bxe5 Qxe5
28. Rde1 Qd6 29. Qc2 f5 30. c5 Qf6 31. Bc4 Rfe8 32. Rxe8 Rxe8 33. Qd2 Rd8 34.
Qe2 Be4 35. Qxe4 Qb2+ 36. Qe2 Rd2 37. Re1 Rxe2+ 38. Rxe2 Qd4 39. Re7+ Kh8 40.
Re8+ Kg7 41. Kg2 Qxc5 42. Rg8+ Kf6 43. Rb8 Qd6 44. Rh8 b5 45. Be2 Qd5+ 46. Kf2
Qxb3 47. Rb8 b4 48. Rb6+ Kg7 49. Rb7+ Kf8 50. Rb6 Qc3 0-1

[Event "DUBAI CUP 2004"]
[Site "Tagaytay, Phil."]
[Date "2004.03.22"]
[Round "1.2"]
[White "Abdulghafour, Yusef"]
[Black "Jones, Lee"]
[Result "1/2-1/2"]
[WhiteElo "2143"]
[BlackElo "2192"]
[PlyCount "28"]
[EventDate "2004.03.21"]

1. d4 Nf6 2. Nf3 e6 3. Bg5 c5 4. e3 Qb6 5. Qc1 Be7 6. Nbd2 d5 7. c3 Bd7 8. Bd3
O-O 9. O-O Bb5 10. Bxb5 Qxb5 11. Ne5 Re8 12. Nb3 Na6 13. Qc2 Qa4 14. Qe2 Ne4
1/2-1/2

[Event "DUBAI CUP 2004"]
[Site "Tagaytay, Phil."]
[Date "2004.03.22"]
[Round "1.4"]
[White "Al-Subie, Saleh"]
[Black "Rippis, Theos"]
[Result "0-1"]
[WhiteElo "1800"]
[BlackElo "2083"]
[PlyCount "88"]
[EventDate "2004.03.21"]

1. d4 Nf6 2. Nc3 c5 3. Nf3 cxd4 4. Nxd4 Nc6 5. e4 e5 6. Ndb5 d6 7. Be3 a6 8.
Na3 b5 9. Nd5 Nxd5 10. exd5 Nb8 11. c4 bxc4 12. Nxc4 Nd7 13. Be2 Be7 14. O-O
O-O 15. f4 exf4 16. Bxf4 Nb6 17. Kh1 Nxc4 18. Bxc4 Bg5 19. Bd3 Bxf4 20. Rxf4
Qg5 21. Qd2 Bb7 22. Be4 Rae8 23. Bf3 Re5 24. Qd4 Rfe8 25. Rg1 h5 26. Re4 Rxe4
27. Bxe4 Qe5 28. Qxe5 Rxe5 29. Bc2 Bxd5 30. Rc1 Bxa2 31. Bd3 Rc5 32. Rxc5 dxc5
33. Bxa6 Kf8 34. Kg1 Ke7 35. Kf2 Kd6 36. Ke3 Ke5 37. h4 f6 38. Bd3 Bf7 39. g3
g5 40. hxg5 fxg5 41. Be4 Bd5 42. Bd3 h4 43. gxh4 gxh4 44. Bf1 Be6 0-1

[Event "DUBAI CUP 2004"]
[Site "Tagaytay, Phil."]
[Date "2004.03.22"]
[Round "1.1"]
[White "Chang, Hon Kun"]
[Black "Tran, Duc Hoa Khanh"]
[Result "0-1"]
[WhiteElo "2110"]
[BlackElo "2200"]
[PlyCount "48"]
[EventDate "2004.03.21"]

1. e4 e5 2. Nf3 d6 3. Bc4 Nd7 4. c3 Be7 5. Qb3 Nc5 6. Bxf7+ Kf8 7. Qc4 b5 8.
Qxb5 Kxf7 9. d4 c6 10. Qxc6 Bb7 11. Qb5 Ba6 12. Qc6 Nd3+ 13. Kd2 Qc8 14. Qxc8
Rxc8 15. Na3 Nf6 16. c4 Nxf2 17. Rf1 N2xe4+ 18. Kd3 exd4 19. Kxd4 Rhd8 20. Ng5+
Nxg5 21. Bxg5 d5 22. Rad1 Bxa3 23. bxa3 Rxc4+ 24. Ke3 Re4+ 0-1

[Event "DUBAI CUP 2004"]
[Site "Tagaytay, Phil."]
[Date "2004.03.22"]
[Round "1.2"]
[White "Nguyen, Hoang Tuan"]
[Black "Celis, Solomon"]
[Result "1-0"]
[WhiteElo "2227"]
[BlackElo "2125"]
[PlyCount "131"]
[EventDate "2004.03.21"]

1. e4 e5 2. Nf3 Nf6 3. Nc3 Bb4 4. Bc4 d6 5. O-O O-O 6. d3 h6 7. h3 Nc6 8. Nd5
Bc5 9. c3 Nxd5 10. Bxd5 Qf6 11. Be3 Ne7 12. Bb3 Ng6 13. d4 Bb6 14. Kh2 Re8 15.
Bc2 c6 16. g3 Bc7 17. d5 cxd5 18. exd5 Bf5 19. Kg2 a6 20. Bxf5 Qxf5 21. Qb3 b5
22. a4 Qd7 23. axb5 axb5 24. c4 bxc4 25. Qxc4 Ne7 26. b4 Rec8 27. Rxa8 Rxa8 28.
b5 Rc8 29. Qb3 Rb8 30. Rb1 Bb6 31. Bxb6 Rxb6 32. Nd2 Qb7 33. Nc4 Qxd5+ 34. Kg1
Rb8 35. b6 Nc6 36. Qb5 Qf3 37. Nxd6 Nd4 38. Qc5 Qd3 39. Ra1 Qb3 40. b7 Qf3 41.
Rf1 Qh5 42. Kg2 Qf3+ 43. Kg1 Qh5 44. Kg2 Qf3+ 45. Kg1 Qh5 46. Qc8+ Kh7 47. Qg4
Qg6 48. Qxg6+ Kxg6 49. Kg2 Nf5 50. Nxf5 Kxf5 51. Rb1 Ke6 52. Kf3 f5 53. g4
fxg4+ 54. Kxg4 g6 55. h4 Kd5 56. Kf3 g5 57. h5 Kc6 58. Ke4 Kc7 59. Kxe5 Re8+
60. Kf6 Kb8 61. Rb2 Rd8 62. Rb6 Rf8+ 63. Kg7 Rxf2 64. Kxh6 g4 65. Rg6 Rg2 66.
Kg7 1-0

[Event "DUBAI CUP 2004"]
[Site "Tagaytay, Phil."]
[Date "2004.03.22"]
[Round "1.3"]
[White "Abelgas, Rodolfo"]
[Black "To, Quoc Khanh"]
[Result "0-1"]
[WhiteElo "1800"]
[BlackElo "2302"]
[PlyCount "96"]
[EventDate "2004.03.21"]

1. e4 c5 2. Nf3 d6 3. d4 cxd4 4. Nxd4 Nf6 5. Nc3 g6 6. f3 Qb6 7. Nb3 Bg7 8. Bc4
Nc6 9. Qe2 O-O 10. Be3 Qc7 11. Nb5 Qd7 12. Rd1 a6 13. N5d4 Ne5 14. O-O Nxc4 15.
Qxc4 b5 16. Qe2 Bb7 17. c3 Rac8 18. Bf2 Qc7 19. Kh1 Rfe8 20. Qd3 Nd7 21. Bg3
Ne5 22. Qe2 Nc4 23. Rb1 Bh6 24. Bf2 e5 25. Nc2 d5 26. exd5 Bxd5 27. Ne3 Nxe3
28. Bxe3 Bc4 29. Qf2 Bxe3 30. Qxe3 Bxf1 31. Rxf1 a5 32. Re1 Kg7 33. Nd2 Qc5 34.
Qe2 Rcd8 35. a3 a4 36. h3 Re7 37. Ne4 Qb6 38. Rd1 Red7 39. Rxd7 Rxd7 40. g4 h6
41. Kg2 Rd5 42. h4 f5 43. gxf5 gxf5 44. Ng3 Qg6 45. Kh3 e4 46. c4 Rd3 47. Kh2
Rxf3 48. Qe1 Qxg3+ 0-1

[Event "DUBAI CUP 2004"]
[Site "Tagaytay, Phil."]
[Date "2004.03.22"]
[Round "1.4"]
[White "Ton That, Nhu Tung"]
[Black "Fesalbon, Rolando"]
[Result "1-0"]
[WhiteElo "1800"]
[BlackElo "2170"]
[PlyCount "101"]
[EventDate "2004.03.21"]

1. e4 Nf6 2. e5 Nd5 3. d4 d6 4. c4 Nb6 5. exd6 cxd6 6. Nc3 g6 7. Be3 Bg7 8. Rc1
Nc6 9. Be2 O-O 10. Nf3 Bg4 11. b3 e6 12. O-O Ne7 13. h3 Bxf3 14. Bxf3 d5 15.
Qe2 Nf5 16. c5 Nc8 17. Rfd1 a6 18. Qd2 Nce7 19. Ne2 Nc6 20. Rb1 b5 21. Bg4 Nfe7
22. Bg5 Qd7 23. Qe3 h5 24. Bxe7 Nxe7 25. Bf3 Nf5 26. Qc3 Rac8 27. b4 Nd6 28.
Qa3 Nc4 29. Qc1 Kh7 30. Rd3 Qc7 31. Qd1 a5 32. Nc3 Rb8 33. Be2 Rb7 34. Rf3 axb4
35. Rxb4 Qa5 36. Rb1 Rfb8 37. g4 h4 38. Kg2 Bh6 39. c6 Rc7 40. Bxc4 dxc4 41. d5
Rd8 42. Rxb5 Qa6 43. Qb1 Bg7 44. Rb8 Rxd5 45. Nxd5 exd5 46. Rb6 Qa4 47. Rxf7
Rxf7 48. c7 Rxf2+ 49. Kxf2 Bd4+ 50. Kg2 Bxb6 51. c8=Q 1-0

[Event "DUBAI CUP 2004"]
[Site "Tagaytay, Phil."]
[Date "2004.03.23"]
[Round "1.1"]
[White "Paragua, Mark"]
[Black "Liang, Chong"]
[Result "1/2-1/2"]
[WhiteElo "2529"]
[BlackElo "2526"]
[PlyCount "64"]
[EventDate "2004.03.21"]

1. e4 c6 2. d4 d5 3. e5 Bf5 4. Nc3 e6 5. g4 Bg6 6. Nge2 c5 7. Be3 cxd4 8. Nxd4
Bb4 9. h4 h5 10. a3 Bxc3+ 11. bxc3 a6 12. Rb1 Qc7 13. c4 Ne7 14. gxh5 Bxh5 15.
Qd3 Nbc6 16. Nxc6 Nxc6 17. f4 d4 18. Bxd4 Nxd4 19. Qxd4 Qa5+ 20. Qd2 Qxa3 21.
Bd3 Rd8 22. Kf2 Qc5+ 23. Qe3 Rd4 24. Kg3 b6 25. Rhe1 O-O 26. c3 Rxd3 27. Qxd3
Bg6 28. Qd4 Bxb1 29. Rxb1 Rc8 30. Rxb6 Qxc4 31. Qxc4 Rxc4 32. Rxa6 Rxc3+
1/2-1/2

[Event "DUBAI CUP 2004"]
[Site "Tagaytay, Phil."]
[Date "2004.03.23"]
[Round "1.2"]
[White "Li, Shilong"]
[Black "Mariano II, Nelson"]
[Result "1-0"]
[WhiteElo "2525"]
[BlackElo "2416"]
[PlyCount "57"]
[EventDate "2004.03.21"]

1. e4 d5 2. exd5 Qxd5 3. Nc3 Qa5 4. d4 Nf6 5. Nf3 Nc6 6. Bd2 a6 7. Bc4 Qf5 8.
h3 Ne4 9. Nd5 Qd7 10. Bf4 Nd6 11. Qe2 e6 12. O-O Be7 13. Nxe7 Nxe7 14. Bb3 O-O
15. Ne5 Qd8 16. Rad1 Ng6 17. Bh2 c6 18. Rfe1 Nf5 19. c3 Nfe7 20. c4 Nf5 21. Qe4
Nd6 22. Qf3 Nf5 23. d5 Nxe5 24. Bxe5 exd5 25. cxd5 cxd5 26. Rxd5 Qb6 27. Bc3 g6
28. Qf4 h6 29. Rxf5 1-0

[Event "DUBAI CUP 2004"]
[Site "Tagaytay, Phil."]
[Date "2004.03.23"]
[Round "1.4"]
[White "Liang, Jinrong"]
[Black "Bitoon, Richard"]
[Result "1-0"]
[WhiteElo "2467"]
[BlackElo "2430"]
[PlyCount "93"]
[EventDate "2004.03.21"]

1. e4 c5 2. Nf3 d6 3. d4 cxd4 4. Nxd4 Nf6 5. f3 e5 6. Nb3 Be6 7. c4 Be7 8. Nc3
O-O 9. Be3 Nbd7 10. Be2 Rc8 11. Nd2 Nh5 12. O-O Bg5 13. Bf2 Bxd2 14. Qxd2 Nf4
15. Rfd1 Nxe2+ 16. Nxe2 Rxc4 17. Qxd6 Qg5 18. Nc3 Rc6 19. h4 Rxd6 20. hxg5
Rxd1+ 21. Rxd1 a6 22. Nd5 f6 23. Nc7 Kf7 24. Rd6 Rc8 25. Nxe6 Rc1+ 26. Kh2 Ke7
27. Rxd7+ Kxd7 28. Nc5+ Kc6 29. gxf6 gxf6 30. Nd3 Rd1 31. Nb4+ Kb5 32. Nd5 Rd2
33. Bh4 Rxb2 34. Bxf6 Kc5 35. Bxe5 Rxa2 36. f4 Re2 37. Nc3 Rf2 38. f5 Kc6 39.
Kg1 Rc2 40. Nd5 Kd7 41. Nf6+ Ke7 42. Nxh7 a5 43. Ng5 b5 44. f6+ Kd7 45. f7 Rc8
46. Bf6 b4 47. e5 1-0

[Event "DUBAI CUP 2004"]
[Site "Tagaytay, Phil."]
[Date "2004.03.23"]
[Round "1.3"]
[White "Villamayor, Buenaventura"]
[Black "Sitanggang, Salor"]
[Result "0-1"]
[WhiteElo "2521"]
[BlackElo "2458"]
[PlyCount "62"]
[EventDate "2004.03.21"]

1. d4 Nf6 2. Nf3 g6 3. c4 Bg7 4. Nc3 d6 5. Bf4 O-O 6. h3 c5 7. d5 Qb6 8. Qb3
Qxb3 9. axb3 Na6 10. e4 Nb4 11. O-O-O Nd7 12. Bd3 Nxd3+ 13. Rxd3 a6 14. Re1 f6
15. Bd2 b5 16. Bf4 Nb6 17. Nd2 Bd7 18. Kc2 b4 19. Nd1 a5 20. Ne3 a4 21. bxa4
Rxa4 22. Nb3 Rfa8 23. Rdd1 Ra2 24. Ra1 f5 25. Rxa2 Rxa2 26. Rb1 fxe4 27. Nd2
Na4 28. Nd1 Nc3 29. Nxc3 bxc3 30. Nxe4 cxb2 31. Kb3 Ra1 0-1

[Event "DUBAI CUP 2004"]
[Site "Tagaytay, Phil."]
[Date "2004.03.23"]
[Round "1.4"]
[White "Handoko, Edhi"]
[Black "Gonzales, Jayson"]
[Result "0-1"]
[WhiteElo "2405"]
[BlackElo "2403"]
[PlyCount "60"]
[EventDate "2004.03.21"]

1. e4 Nf6 2. e5 Nd5 3. d4 d6 4. Nf3 Bg4 5. Be2 c6 6. O-O Bxf3 7. Bxf3 dxe5 8.
dxe5 e6 9. c4 Ne7 10. Nc3 Ng6 11. Qb3 Qc7 12. Ne4 Nxe5 13. Bf4 Nbd7 14. Rfe1
Qb6 15. Qd1 Rd8 16. Bh5 Nf6 17. Nxf6+ gxf6 18. Qc2 Bg7 19. Be3 Qb4 20. b3 O-O
21. a3 Qa5 22. b4 Qc7 23. Rad1 Ng6 24. a4 a5 25. Qb3 Rxd1 26. Rxd1 axb4 27.
Qxb4 Rd8 28. Rb1 Bf8 29. Qb3 Qa5 30. Bd1 Qe1# 0-1